000 01324 a2200181 4500
001 132408
020 _a85-262-1865-4
040 _cLeonardo Da Vinci
041 _aPortuguês
082 _a372.9 B199ha
_bB199ha
100 _aBARBOSA FILHO, Milton Benedicto
_aSTOCKLER, Maria Luiza Santiago
245 _aHistória moderna e contemporânea
260 _bScipione
_c1993
_aSão Paulo
300 _a160
362 _a19930000
697 _aHistória
_aIdade moderna
_aGrandes navegações
_aExpansão marítima
_aColonização do Novo Mundo
_aRenascimento
_aReforma religiosa
_aReforma luterana
_aReforma calvinista
_aReforma anglicana
_aReforma católica
_aContra-reforma
_aMonarquia nacional
_aAbsolutismo francês
_aAntigo regime
_aRevolução industrial
_aIluminismo
_aDespotismo esclarecido
_aIdade contemporânea
_aIndependência dos Estados Unidos
_aFrança
_aAssembléia Constituinte
_aConvenção nacional
_aPeríodo napoleônico
_aCongresso de Viena
_aColônias espanholas
_aIndependência do Brasil
_aGuerra de secessão
_aLiberalismo
_aSocialismo
_aNacionalismo
_aRevolução de 1830
_aRevolução de 1848
_aImperialismo
_aColonialismo
_aPrimeira guerra mundial
_aRevolução russa
_aSegunda guerra mundial
_aFascismo
_aGuerra Fria
_aNova ordem mundial
_aOTAN
_aPacto de Varsóvia
_aConflitos internacionais
_aEnsino Fundamental 2. ciclo
942 _cBK
999 _c132408
_d132408